|
|
|
|
| LEADER |
00000nab a2200000 a 4500 |
| 001 |
vtls000861992 |
| 003 |
SK-MaSNL |
| 005 |
20260305015913.0 |
| 008 |
250429c2003 xo 0 slo |
| 015 |
|
|
|a SNBRB2004/02-07420
|
| 035 |
|
|
|a CLN000213581
|
| 035 |
|
|
|a urn:nbn:sk:snk-ab71gd
|
| 035 |
|
|
|a (uuid)96c3ed7e-8ab1-4bcc-881c-b90d6fda0aeb
|
| 035 |
|
|
|a (urnnbn)urn:nbn:sk:snk:ar-a06kmn
|
| 035 |
|
|
|a (sysno)vtls000861992
|
| 040 |
|
|
|a SNKBUCL
|b slo
|c SNKBUCL
|e AACR2
|
| 041 |
0 |
|
|a slo
|
| 044 |
|
|
|a xo
|c SK
|
| 080 |
|
|
|a 613.24
|2 1997
|
| 100 |
1 |
|
|a Kirňáková, Jana
|4 aut
|9 25872
|
| 245 |
1 |
0 |
|a Klub redukcie hmotnosti
|b čo je tzv. "Barrandovská diéta"?
|c J. Kirňáková
|
| 650 |
0 |
7 |
|a redukčné diéty
|2 MESH
|9 1801
|
| 650 |
0 |
7 |
|a strava a stravovanie
|2 MESH
|9 508599
|
| 650 |
0 |
7 |
|a plánovanie jedálneho lístka
|2 MESH
|9 1439797
|
| 655 |
|
7 |
|a články z novín a časopisov
|2 snkbucl
|9 267496
|
| 773 |
0 |
|
|t Revue medicíny v praxi
|g Roč. 1, č. 6 (2003), s. 39
|x 1336-202X
|
| 850 |
|
|
|a Slovenská národná knižnica
|
| 852 |
|
|
|a Slovenská národná knižnica
|
| 958 |
|
|
|a article27
|
| 958 |
|
|
|a EUIPO
|
| 958 |
|
|
|a OND
|
| 958 |
|
|
|a MI
|
| 999 |
|
|
|c 3277785
|d 3279715
|